000 00562nam a2200181 a 4500
001 000047341
005 20201002060506.0
008 130708s2010 dr a 000 0 spa d
040 _aDO-SdBNP
_bspa
_cBNPHU
082 _axxx
_bV732
100 1 _aVillegas Quintero, Efraín
_92033
245 1 0 _aSi tu quieres, puedes /
_cEfraín Villegas Quintero.
250 _a5a ed.
260 _aSanto Domingo :
_bGamma,
_c2010.
300 _a253 p. ;
_c22 cm.
500 _aIncluye datos biográficos del autor en la solapa de la cubierta
590 _aInventariado, 2018/ YL
999 _c46829
_d46829